<?xml version="1.0" encoding="UTF-8"?><?xml-stylesheet type="text/xsl" href="static/style.xsl"?><OAI-PMH xmlns="http://www.openarchives.org/OAI/2.0/" xmlns:xsi="http://www.w3.org/2001/XMLSchema-instance" xsi:schemaLocation="http://www.openarchives.org/OAI/2.0/ http://www.openarchives.org/OAI/2.0/OAI-PMH.xsd"><responseDate>2026-04-26T22:08:07Z</responseDate><request verb="GetRecord" identifier="oai:uvadoc.uva.es:10324/3618" metadataPrefix="marc">https://uvadoc.uva.es/oai/request</request><GetRecord><record><header><identifier>oai:uvadoc.uva.es:10324/3618</identifier><datestamp>2021-06-18T09:22:15Z</datestamp><setSpec>com_10324_38</setSpec><setSpec>col_10324_787</setSpec></header><metadata><record xmlns="http://www.loc.gov/MARC21/slim" xmlns:doc="http://www.lyncode.com/xoai" xmlns:xsi="http://www.w3.org/2001/XMLSchema-instance" xmlns:dcterms="http://purl.org/dc/terms/" xsi:schemaLocation="http://www.loc.gov/MARC21/slim http://www.loc.gov/standards/marcxml/schema/MARC21slim.xsd">
<leader>00925njm 22002777a 4500</leader>
<datafield tag="042" ind1=" " ind2=" ">
<subfield code="a">dc</subfield>
</datafield>
<datafield tag="720" ind1=" " ind2=" ">
<subfield code="a">Cuesta Barriga, Sara</subfield>
<subfield code="e">author</subfield>
</datafield>
<datafield tag="260" ind1=" " ind2=" ">
<subfield code="c">2013</subfield>
</datafield>
<datafield tag="520" ind1=" " ind2=" ">
<subfield code="a">El presente trabajo propone una unidad didáctica sobre el Muro de Berlín para demostrar que se puede integrar en el aula de Alemán como Lengua Extranjera en la Educación Secundaria Superior una Landeskunde entendida como "cultura" en su sentido tradicional sin desatender las necesidades comunicativas del alumnado.</subfield>
</datafield>
<datafield tag="024" ind2=" " ind1="8">
<subfield code="a">http://uvadoc.uva.es/handle/10324/3618</subfield>
</datafield>
<datafield ind1=" " ind2=" " tag="653">
<subfield code="a">Alemania - Civilización - Estudio y enseñanza</subfield>
</datafield>
<datafield ind1=" " ind2=" " tag="653">
<subfield code="a">Alemania - Historia - Siglo XX</subfield>
</datafield>
<datafield tag="245" ind1="0" ind2="0">
<subfield code="a">El Muro de Berlín: Propuesta de Didactización de Landeskunde en el Aula de Alemán como Lengua Extranjera</subfield>
</datafield>
</record></metadata></record></GetRecord></OAI-PMH>